00483nam a2200145Ia 4500003000900000008004100009020002600050040001600076100002500092245003200117260003200149300002000181490003300201856010300234IN-BaIIA211028s9999 xx s 000 0 eng d a9780819466129 (Print) cIIA Library aLatecki, Longin, ed. 0aVision Geometry XVh[eBook] aWashington, USAbSPIEc2007 aOnline resource aProceedings of SPIE; V. 6499 uhttps://www.spiedigitallibrary.org/conference-proceedings-of-spie/6499yClick Here to Access eBook